<?xml version="1.0" encoding="UTF-8"?>
<record
    xmlns:xsi="http://www.w3.org/2001/XMLSchema-instance"
    xsi:schemaLocation="http://www.loc.gov/MARC21/slim http://www.loc.gov/standards/marcxml/schema/MARC21slim.xsd"
    xmlns="http://www.loc.gov/MARC21/slim">

  <leader>01257nam a22001457a 4500</leader>
  <controlfield tag="008">140714b        xxu||||| |||| 00| 0 eng d</controlfield>
  <datafield tag="020" ind1=" " ind2=" ">
    <subfield code="a">9988773056</subfield>
  </datafield>
  <datafield tag="050" ind1=" " ind2=" ">
    <subfield code="a">UA869.G4 Q2</subfield>
  </datafield>
  <datafield tag="100" ind1=" " ind2=" ">
    <subfield code="a">Quantson Kofi Bentum </subfield>
  </datafield>
  <datafield tag="245" ind1=" " ind2=" ">
    <subfield code="a">Ghana:national security - the dilemma. /</subfield>
    <subfield code="c">Kofi Bentum Quantson.</subfield>
  </datafield>
  <datafield tag="260" ind1=" " ind2=" ">
    <subfield code="a">Accra,:</subfield>
    <subfield code="b"> Napasvil Ventures,</subfield>
    <subfield code="c">2013</subfield>
  </datafield>
  <datafield tag="300" ind1=" " ind2=" ">
    <subfield code="a">xxiii,280p,:</subfield>
    <subfield code="b">ill,</subfield>
    <subfield code="c">20cm.</subfield>
  </datafield>
  <datafield tag="505" ind1=" " ind2=" ">
    <subfield code="a">Contents:The roots of the problem -- Setting scores:the politics of tit for tat -- Preventive detention and protective custody-same old story? -- Presidential ambitions and national security -- Foreign forces behind nkrumah's overthrow -- The intellectual factor -- The tribal problem and national security -- Subverting military hierarchy -- Security problem of the june 4 revolt -- Lawlessness and civil liberties -- Political expediency and good governance -- Foreign policy and national security -- Regime security versus national security -- Crime and security -- Operating the national security law -- Dilemma over judge 'murders -- The PNDC power blocs -- The drugs cabal at work -- Au revoir to narcotics:goodbye blue house -- Captive leaders -- The presidency -- The way forward -- Reconciliation and national unity National security </subfield>
  </datafield>
  <datafield tag="942" ind1=" " ind2=" ">
    <subfield code="2">lcc</subfield>
    <subfield code="c">BK</subfield>
  </datafield>
  <datafield tag="999" ind1=" " ind2=" ">
    <subfield code="c">3133</subfield>
    <subfield code="d">10633</subfield>
  </datafield>
  <datafield tag="952" ind1=" " ind2=" ">
    <subfield code="0">0</subfield>
    <subfield code="1">0</subfield>
    <subfield code="2">lcc</subfield>
    <subfield code="4">0</subfield>
    <subfield code="7">0</subfield>
    <subfield code="a">WIUC-1</subfield>
    <subfield code="b">WIUC-1</subfield>
    <subfield code="c">REF</subfield>
    <subfield code="d">2014-07-14</subfield>
    <subfield code="l">0</subfield>
    <subfield code="o">UA869.G4 Q21</subfield>
    <subfield code="p">7690/177/14</subfield>
    <subfield code="r">2014-07-14 00:00:00</subfield>
    <subfield code="t">2</subfield>
    <subfield code="w">2014-07-14</subfield>
    <subfield code="y">BK</subfield>
  </datafield>
  <datafield tag="952" ind1=" " ind2=" ">
    <subfield code="0">0</subfield>
    <subfield code="1">0</subfield>
    <subfield code="2">lcc</subfield>
    <subfield code="4">0</subfield>
    <subfield code="7">0</subfield>
    <subfield code="a">WIUC-1</subfield>
    <subfield code="b">WIUC-1</subfield>
    <subfield code="c">LL</subfield>
    <subfield code="d">2014-09-11</subfield>
    <subfield code="l">0</subfield>
    <subfield code="o">UA869.G4 Q2</subfield>
    <subfield code="p">329/13</subfield>
    <subfield code="r">2014-09-11 00:00:00</subfield>
    <subfield code="t">1</subfield>
    <subfield code="w">2014-09-11</subfield>
    <subfield code="y">BK</subfield>
  </datafield>
</record>
